[Event "Leverkusen Bayer op 9th"]
[Site "Leverkusen"]
[Date "2011.02.21"]
[Round "4"]
[White "Speck, Stefan"]
[Black "Witte, Thomas"]
[Result "1/2-1/2"]
[WhiteElo "2055"]
[BlackElo "1823"]
[PlyCount "98"]
[EventDate "2011.01.10"]
[EventType "swiss"]
[EventRounds "7"]
[EventCountry "GER"]
[SourceTitle "EXT 2012"]
[Source "ChessBase"]
[SourceDate "2011.11.24"]
[SourceVersion "1"]
[SourceVersionDate "2011.11.24"]
[SourceQuality "1"]

1. d4 Nf6 2. c4 e5 3. dxe5 Ne4 4. a3 b6 5. Nf3 Bb7 6. Qc2 Nc5 7. Nc3 Nc6 8. b4 Ne6 9. e3 g6 10. Nd5 Bg7 11. Nf6+ Kf8 12. Bb2 Nxe5 13. Nxe5 d6 14. Nxf7 Kxf7 15. Nd5 Bxb2 16. Qxb2 Rf8 17. h4 c6 18. Nc3 Qf6 19. 0-0-0 Ke7 20. Rd2 Rad8 21. Ne4 Qxb2+ 22. Kxb2 d5 23. cxd5 cxd5 24. Ng5 Rd6 25. Bb5 h6 26. Nf3 d4 27. Be2 Bxf3 28. Bxf3 Rfd8 29. Rhd1 dxe3 30. Rxd6 Rxd6 31. Rxd6 Kxd6 32. fxe3 Ke5 33. Kc3 Ng7 34. g4 Ne8 35. a4 Nd6 36. Bg2 g5 37. hxg5 hxg5 38. a5 Nf7 39. Kb3 Nd6 40. Ka4 Nc4 41. axb6 axb6 42. Kb5 Nxe3 43. Bf3 Kf4 44. Be2 Nxg4 45. Kxb6 Nf6 46. b5 Ke5 47. Kc6 Ne4 48. b6 Nd6 49. Bg4 Nc4 1/2-1/2

[Event "Leverkusen-ch op"]
[Site "Leverkusen"]
[Date "2009.02.09"]
[Round "3"]
[White "Balduan, Karl Heinz"]
[Black "Witte, Thomas"]
[Result "0-1"]
[WhiteElo "1464"]
[BlackElo "1704"]
[PlyCount "110"]
[EventDate "2009.01.12"]
[EventType "swiss"]
[EventRounds "7"]
[EventCountry "GER"]
[SourceTitle "EXT 2010"]
[Source "ChessBase"]
[SourceDate "2010.11.25"]
[SourceVersion "1"]
[SourceVersionDate "2010.11.25"]
[SourceQuality "1"]

1. d4 e5 2. c3 exd4 3. cxd4 Bb4+ 4. Bd2 Bxd2+ 5. Nxd2 d5 6. Nb3 Nf6 7. e3 0-0 8. g3 c6 9. Rc1 Bf5 10. Bd3 Bxd3 11. Qxd3 Nbd7 12. Ne2 Re8 13. Kf1 Ne4 14. Nc3 Qf6 15. Nxe4 Rxe4 16. Nd2 Re6 17. Kg2 Rae8 18. b4 a6 19. a4 b5 20. Ra1 Qh6 21. Nb3 bxa4 22. Rxa4 Nb6 23. Rxa6 Nc4 24. Rf1 g5 25. Qf5 Rxe3 26. Ra7 Nd6 27. Qg4 Rxb3 28. h4 Qg6 29. Qd7 Qe4+ 30. Kh2 Qe6 31. hxg5 Qxd7 32. Rxd7 Ne4 33. Rc7 Rxb4 34. Re1 Rbb8 35. Kg2 Nxg5 36. Rc1 Ne6 37. R7xc6 Nxd4 38. Rh6 Ne6 39. Rch1 Nf8 40. R1h4 Re6 41. R6h5 Rd8 42. Rd4 Red6 43. f4 Ne6 44. Rd1 Ng7 45. Rhh1 Nf5 46. Rd3 d4 47. g4 Ne3+ 48. Kf3 Rg6 49. Rh4 Kg7 50. g5 Nf5 51. Rh1 Re6 52. Kf2 Re3 53. Rhd1 Rde8 54. R1d2 R8e4 55. Rxe3 dxe3+ 0-1

[Event "Troisdorf op"]
[Site "Troisdorf"]
[Date "2008.11.24"]
[Round "7"]
[White "Froitzheim, Ralf"]
[Black "Witte, Thomas"]
[Result "0-1"]
[WhiteElo "1870"]
[BlackElo "1668"]
[PlyCount "62"]
[EventDate "2008.10.14"]
[EventType "swiss"]
[EventRounds "7"]
[EventCountry "GER"]
[SourceTitle "EXT 2011"]
[Source "ChessBase"]
[SourceDate "2010.11.26"]
[SourceVersion "1"]
[SourceVersionDate "2010.11.26"]
[SourceQuality "1"]

1. c4 e5 2. Nc3 Nc6 3. g3 f5 4. d3 Nf6 5. Bg2 Bb4 6. Nf3 0-0 7. 0-0 Bxc3 8. bxc3 d6 9. Rb1 Qe8 10. Ne1 Qh5 11. Nc2 f4 12. e3 Bg4 13. f3 fxg3 14. hxg3 e4 15. Rb5 Ne5 16. dxe4 c6 17. Rxb7 Bxf3 18. Bxf3 Nxf3+ 19. Qxf3 Ng4 20. Qg2 Rxf1+ 21. Kxf1 Rf8+ 22. Ke1 Rf2 23. Rb8+ Kf7 24. Rb7+ Kg6 25. Qxf2 Nxf2 26. Kxf2 Qh2+ 27. Kf3 Qxc2 28. Bb2 Qd1+ 29. Kf4 Qf1+ 30. Kg4 h5+ 31. Kh4 Qh1# 0-1

[Event "Leverkusen-ch op"]
[Site "Leverkusen"]
[Date "2008.03.16"]
[Round "6"]
[White "Witte, Thomas"]
[Black "Granz, Thomas"]
[Result "1/2-1/2"]
[WhiteElo "1645"]
[BlackElo "1641"]
[PlyCount "40"]
[EventDate "2008.01.14"]
[EventType "swiss"]
[EventRounds "7"]
[EventCountry "GER"]
[SourceTitle "EXT 2010"]
[Source "ChessBase"]
[SourceDate "2010.11.25"]
[SourceVersion "1"]
[SourceVersionDate "2010.11.25"]
[SourceQuality "1"]

1. e4 e5 2. f4 Bc5 3. Nf3 d6 4. Nc3 Bg4 5. h3 Bxf3 6. Qxf3 Nc6 7. Bb5 Nge7 8. Nd5 0-0 9. Nxe7+ Nxe7 10. d3 c6 11. Bc4 a5 12. a4 Kh8 13. f5 d5 14. Bb3 dxe4 15. dxe4 Ng8 16. Be3 Bxe3 17. Qxe3 Nf6 18. Ke2 Qd4 19. Qxd4 exd4 20. Kf3 Rad8 1/2-1/2

[Event "Troisdorf op"]
[Site "Troisdorf"]
[Date "2007.11.06"]
[Round "3"]
[White "Rozsa, Sandor"]
[Black "Witte, Thomas"]
[Result "0-1"]
[WhiteElo "1702"]
[BlackElo "1861"]
[PlyCount "120"]
[EventDate "2007.10.16"]
[EventType "swiss"]
[EventRounds "5"]
[EventCountry "GER"]
[SourceTitle "EXT 2011"]
[Source "ChessBase"]
[SourceDate "2010.11.26"]
[SourceVersion "1"]
[SourceVersionDate "2010.11.26"]
[SourceQuality "1"]

1. e4 Nf6 2. Nc3 d5 3. e5 d4 4. exf6 dxc3 5. fxg7 cxd2+ 6. Qxd2 Qxd2+ 7. Bxd2 Bxg7 8. c3 Be6 9. Nf3 Nd7 10. Bd3 Nc5 11. Bc2 Bd5 12. Be3 Be4 13. 0-0-0 Bxf3 14. gxf3 Nd7 15. Be4 0-0-0 16. Rhg1 Bf6 17. Kc2 h5 18. h3 Nb6 19. b3 c6 20. c4 Rxd1 21. Kxd1 Kc7 22. Bf4+ Kd7 23. Ke2 Rd8 24. a4 Ke6 25. Be3 Nc8 26. f4 Nd6 27. Bf3 Nf5 28. Bxh5 Nd4+ 29. Bxd4 Rxd4 30. Ke3 c5 31. Bf3 b6 32. Bg4+ Kd6 33. Bf3 Kd7 34. Rg4 Rd6 35. f5 Bd4+ 36. Ke2 Rh6 37. Bg2 Kd6 38. f4 Bf6 39. Kf3 Rh8 40. Ke2 Rh5 41. Kd3 Rxf5 42. Ke4 Rh5 43. Rg8 Rh8 44. Rxh8 Bxh8 45. Bf3 e6 46. f5 Bg7 47. fxe6 fxe6 48. Kf4 Bf6 49. Kg4 Ke5 50. h4 Kd4 51. h5 Kc3 52. Bc6 Kxb3 53. Bb5 Kb4 54. h6 Ka5 55. h7 a6 56. Bd7 e5 57. Kf5 Bh8 58. Ke4 Kb4 59. Kd5 e4 60. Kxe4 Kxc4 0-1

[Event "Troisdorf op"]
[Site "Troisdorf"]
[Date "2006.11.07"]
[Round "3"]
[White "Kinnert, Dieter"]
[Black "Witte, Thomas"]
[Result "1-0"]
[WhiteElo "1819"]
[BlackElo "1651"]
[PlyCount "65"]
[EventDate "2006.10.24"]
[EventType "swiss"]
[EventRounds "7"]
[EventCountry "GER"]
[SourceTitle "EXT 2011"]
[Source "ChessBase"]
[SourceDate "2010.11.26"]
[SourceVersion "1"]
[SourceVersionDate "2010.11.26"]
[SourceQuality "1"]

1. e4 Nf6 2. e5 Nd5 3. d4 d6 4. Bg5 h6 5. Bh4 g5 6. Bg3 Bg7 7. exd6 cxd6 8. c3 Qb6 9. Qd2 Bf5 10. Na3 Nc6 11. Bc4 Nf6 12. f3 d5 13. Bb5 a6 14. Be2 Rc8 15. Nh3 Nh5 16. Bf2 Qc7 17. g4 Bd7 18. Bf1 Nf6 19. Nc2 Na5 20. Ne3 b5 21. Bg3 Qc6 22. b4 Nc4 23. Nxc4 dxc4 24. Bg2 Qe6+ 25. Kd1 Nd5 26. Re1 Qb6 27. Nf2 Nxc3+ 28. Kc2 Bxd4 29. Nd1 Nxd1 30. Raxd1 Qg6+ 31. Re4 Bxg4 32. Qxd4 Bf5 33. Qxh8+ 1-0

[Event "Goch op 17th"]
[Site "Goch"]
[Date "2006.10.15"]
[Round "6"]
[White "Witte, Thomas"]
[Black "Densing, Gerd"]
[Result "1-0"]
[WhiteElo "1651"]
[BlackElo "1892"]
[PlyCount "71"]
[EventDate "2006.10.12"]
[EventType "swiss"]
[EventRounds "7"]
[EventCountry "GER"]
[SourceTitle "EXT 2008"]
[Source "ChessBase"]
[SourceDate "2007.11.25"]
[SourceVersion "1"]
[SourceVersionDate "2007.11.25"]
[SourceQuality "1"]

1. e4 c6 2. f4 d5 3. e5 e6 4. Nf3 c5 5. Bb5+ Bd7 6. Bxd7+ Nxd7 7. d3 Qb6 8. b3 0-0-0 9. Be3 d4 10. Bd2 h6 11. a4 Ne7 12. Na3 Nd5 13. Nc4 Qc6 14. a5 Be7 15. Qc1 g6 16. Qa3 Nb4 17. Rc1 Nb8 18. Ke2 N8a6 19. g3 Rhg8 20. h4 g5 21. hxg5 hxg5 22. fxg5 Bxg5 23. Bxg5 Rxg5 24. Nd6+ Rxd6 25. exd6 Rxg3 26. Rh8+ Kd7 27. Ne5+ Kxd6 28. Nxc6 Re3+ 29. Kf2 Nxc6 30. Rd1 Nab4 31. Qc1 Rxd3 32. Qf4+ Kd5 33. Rh5+ f5 34. Rxf5+ exf5 35. Qxf5+ Kd6 36. cxd3 1-0